| 000 | 00713nam a2200205 i 4500 | ||
|---|---|---|---|
| 001 | 35354 | ||
| 003 | ES-MaACL | ||
| 005 | 20230911063133.0 | ||
| 007 | t| | ||
| 008 | 030212s1964 sp ||||1| spa d | ||
| 100 | 1 |
_aBosch Millares, Juan, _d1893-1983 _930662 |
|
| 245 | 1 | 3 |
_aEl tétanos en Canarias / _cJ. Bosch Millares y J. Bosch Millares. |
| 260 |
_a[Gran Canaria] : _bEl Museo Canario, _c1964. |
||
| 300 |
_a63 p., 1 lám. : _b3 gráf. ; _c25 cm. |
||
| 500 | _aEs separata de: Revista El Museo Canario, año 1964, Nos 89-92. pág. 103-165. | ||
| 700 | 1 |
_aBosch Hernández, Juan. _930658 |
|
| 710 | 2 |
_aEl Museo Canario. _93455 |
|
| 852 |
_aES-MaACL _jC-29830 _bR.56974 |
||
| 999 |
_c35354 _d35354 |
||